000 00429nam a2200169Ia 4500
008 240729s9999 xx 000 0 und d
022 _a2564-615X
245 4 _aThe EuroBiotech Journal
260 _aPoland
260 _bSciendo
650 _a Biotechnology
650 _a Chemical technology
650 _aTechnology
856 _uhttps://doaj.org/toc/1323ff332f4048fba997072681a5168b
942 _2ddc
942 _cDOAJEJ
999 _c72181
_d72181
945 _a1
_bMadushi Gamage
_c1
_dMadushi Gamage